000 01464nam a22002417a 4500
999 _c63202
_d63202
003 Ge_BSU
005 20250625165945.0
008 250625s2023 ge ||||| |||| 00| 0 geo d
020 _a9789941315652
041 _ageo
080 _a51(075.8) მ-15
245 _aმათემატიკა: 2 კლასი:
_bმასწავლებლის წიგნი /
_cგურამ გოგიშვილი, თ. ვეფხვაძე, ია მებონია, ლ. ქურჩიშვილი, თ. ვეფხვაძე; რედ. თ. ვეფხვაძე.
250 _aპირველი გამოცემა
264 _aთბილისი:
_bინტელექტი,
_c2023.
300 _a186 გვ. ;
_b28 სმ.
500 _aგრიფმინიჭებულია საქართველოს განათლებისა და მეცნიერების სამინისტროს მიერ 2023 წელს.
653 _aმათემატიკა
700 _aგოგიშვილი, გურამ
_eავტორი
_925536
700 _a ვეფხვაძე, თეიმურაზ
_eავტორი, რედაქტორი
_925537
700 _aმებონია, ია
_eავტორი
_925538
700 _aქურჩიშვილი, ლამარა
_eავტორი
_925539
942 _2udc
_cᲬᲘᲒᲜᲘ